| 000 | 00654nam a2200157 i 4500 | ||
|---|---|---|---|
| 001 | 182729 | ||
| 003 | ES-MaACL | ||
| 005 | 20230906221708.0 | ||
| 008 | 131021s1881 sp |||| | spa d | ||
| 110 | 2 |
_aUniversidad Literaria de Granada. _9153703 |
|
| 245 | 1 | 0 | _aMemoria acerca del estado de la Universidad Literaria de Granada en el curso académico de 1879 a 1880 y datos estadísticos de la enseñanza de los establecimientos públicos del distrito. |
| 260 |
_aGranada : _b[s.n.], _c1881 ( _fImpr. de Ventura Sabatel) |
||
| 300 |
_a130 p. ; _c29 cm. |
||
| 610 | 2 | 4 |
_aUniversidad Literaria de Granada- _vMemorias. _9153704 |
| 852 |
_aES-MaACL _jT-395-F-4 |
||
| 999 |
_c182729 _d182729 |
||